[Event "WYCC Open U16"]
[Site "Porto Carras"]
[Date "2015.10.31"]
[Round "6.17"]
[White "Alexiadis, Hristos"]
[Black "Mihajlov, Sebastian"]
[Result "1/2-1/2"]
[BlackElo "2336"]
[WhiteElo "2189"]
[LiveChessVersion "1.4.6"]

1. e4 {[%clk 1:30:19]} c6 {[%clk 1:30:33]} 2. Nf3 {[%clk 1:27:42]} d5
{[%clk 1:30:00]} 3. exd5 {[%clk 1:26:28]} cxd5 {[%clk 1:30:06]} 4. c4
{[%clk 1:25:50]} Nf6 {[%clk 1:28:03]} 5. cxd5 {[%clk 1:25:24]} Nxd5
{[%clk 1:28:14]} 6. Bc4 {[%clk 1:24:34]} e6 {[%clk 1:25:15]} 7. O-O
{[%clk 1:24:27]} Be7 {[%clk 1:25:36]} 8. d4 {[%clk 1:22:48]} O-O {[%clk 1:25:49]}
9. Re1 {[%clk 1:19:50]} Nc6 {[%clk 1:24:03]} 10. Nc3 {[%clk 1:19:01]} Nb6
{[%clk 1:12:55]} 11. Bb3 {[%clk 1:17:49]} Bf6 {[%clk 1:12:54]} 12. Be3
{[%clk 1:13:17]} Na5 {[%clk 1:06:28]} 13. Bc2 {[%clk 1:13:34]} Nac4
{[%clk 1:06:49]} 14. Bc1 {[%clk 1:08:45]} Nd6 {[%clk 1:03:15]} 15. Bf4
{[%clk 0:56:17]} Nd5 {[%clk 0:49:37]} 16. Be5 {[%clk 0:38:09]} b6
{[%clk 0:36:54]} 17. Bxd6 {[%clk 0:27:09]} Qxd6 {[%clk 0:36:48]} 18. Nxd5
{[%clk 0:27:31]} exd5 {[%clk 0:37:11]} 19. h3 {[%clk 0:28:00]} g6
{[%clk 0:30:47]} 20. Qd2 {[%clk 0:28:16]} Ba6 {[%clk 0:28:38]} 21. Rac1
{[%clk 0:24:50]} Rac8 {[%clk 0:25:32]} 22. Bb1 {[%clk 0:18:55]} Rce8
{[%clk 0:19:34]} 23. Bc2 {[%clk 0:17:44]} Bb5 {[%clk 0:15:46]} 24. Bb3
{[%clk 0:17:12]} a5 {[%clk 0:15:17]} 25. a3 {[%clk 0:09:35]} a4 {[%clk 0:07:27]}
26. Bc2 {[%clk 0:09:54]} Kg7 {[%clk 0:07:30]} 27. Nh2 {[%clk 0:06:21]} h6
{[%clk 0:07:09]} 28. Nf3 {[%clk 0:06:34]} Bd7 {[%clk 0:05:05]} 29. Bd3
{[%clk 0:06:36]} h5 {[%clk 0:04:08]} 30. Rcd1 {[%clk 0:04:55]} Rh8
{[%clk 0:02:37]} 31. Bc2 {[%clk 0:04:38]} Bb5 {[%clk 0:02:07]} 32. Ne5
{[%clk 0:03:41]} Rd8 {[%clk 0:02:33]} 33. Qf4 {[%clk 0:03:39]} Rhe8
{[%clk 0:02:26]} 34. Re3 {[%clk 0:03:38]} Re7 {[%clk 0:02:05]} 35. Rde1
{[%clk 0:03:31]} Rde8 {[%clk 0:00:59]} 36. Qg3 {[%clk 0:01:47]} h4
{[%clk 0:00:58]} 37. Qf4 {[%clk 0:01:49]} Bd7 {[%clk 0:01:04]} 38. Bb1
{[%clk 0:01:46]} g5 {[%clk 0:01:07]} 39. Qf3 {[%clk 0:01:56]} Bxe5
{[%clk 0:01:33]} 40. dxe5 {[%clk 0:31:18]} Rxe5 {[%clk 0:31:58]} 41. Qh5
{[%clk 0:31:47]} Rxe3 {[%clk 0:28:22]} 42. Qxg5+ {[%clk 0:29:11]} Qg6
{[%clk 0:28:51]} 43. Qxg6+ {[%clk 0:29:34]} fxg6 {[%clk 0:29:15]} 44. fxe3
{[%clk 0:29:55]} Bb5 {[%clk 0:28:09]} 45. Kf2 {[%clk 0:25:37]} Rf8+
{[%clk 0:21:04]} 46. Kg1 {[%clk 0:26:05]} Kf6 {[%clk 0:21:13]} 47. Rd1
{[%clk 0:25:13]} Rd8 {[%clk 0:19:58]} 48. Rd4 {[%clk 0:23:07]} g5
{[%clk 0:20:20]} 49. Rb4 {[%clk 0:22:52]} Rc8 {[%clk 0:15:48]} 50. Rxb5
{[%clk 0:23:02]} Rc1+ {[%clk 0:16:16]} 51. Kf2 {[%clk 0:23:25]} Rxb1
{[%clk 0:16:40]} 52. Rxb6+ {[%clk 0:23:36]} Kf5 {[%clk 0:17:06]} 53. Rb4
{[%clk 0:23:54]} Rc1 {[%clk 0:14:47]} 54. Rxa4 {[%clk 0:22:23]} Rc2+
{[%clk 0:15:15]} 55. Kf3 {[%clk 0:22:46]} Rxb2 {[%clk 0:15:41]} 56. Ra5
{[%clk 0:18:39]} Ke6 {[%clk 0:16:04]} 57. Ra6+ {[%clk 0:18:42]} Kf5
{[%clk 0:16:15]} 58. Ra5 {[%clk 0:14:15]} Ke6 {[%clk 0:16:42]} 59. Ra4
{[%clk 0:14:29]} Kf5 {[%clk 0:16:38]} 60. e4+ {[%clk 0:05:23]} dxe4+
{[%clk 0:17:03]} 61. Rxe4 {[%clk 0:05:50]} Ra2 {[%clk 0:15:38]} 62. Re3
{[%clk 0:03:25]} Ra1 {[%clk 0:16:02]} 63. g4+ {[%clk 0:02:55]} hxg3
{[%clk 0:14:58]} 64. Kxg3 {[%clk 0:03:20]} Rg1+ {[%clk 0:15:21]} 65. Kf2
{[%clk 0:03:31]} Ra1 {[%clk 0:15:32]} 66. Rb3 {[%clk 0:03:49]} Kf4
{[%clk 0:14:25]} 67. Rb4+ {[%clk 0:03:15]} Kf5 {[%clk 0:14:54]} 68. Rb5+
{[%clk 0:03:39]} Kf4 {[%clk 0:15:19]} 69. Rb4+ {[%clk 0:03:58]} Kf5
{[%clk 0:15:48]} 70. Ra4 {[%clk 0:04:19]} Rh1 {[%clk 0:16:11]} 71. Ra5+
{[%clk 0:04:34]} Kf4 {[%clk 0:16:35]} 72. Ra4+ {[%clk 0:05:01]} Kf5
{[%clk 0:17:01]} 73. Kg2 {[%clk 0:05:23]} Ra1 {[%clk 0:17:25]} 74. Ra5+
{[%clk 0:05:38]} Kf4 {[%clk 0:17:53]} 75. Ra4+ {[%clk 0:06:07]} Kf5
{[%clk 0:18:16]} 76. Ra8 {[%clk 0:06:14]} Kf4 {[%clk 0:18:42]} 77. Rf8+
{[%clk 0:03:34]} Ke5 {[%clk 0:19:07]} 78. Rf3 {[%clk 0:03:51]} Ke4
{[%clk 0:19:36]} 79. Rb3 {[%clk 0:04:06]} Kf5 {[%clk 0:19:23]} 80. Kf3
{[%clk 0:04:07]} Rh1 {[%clk 0:18:58]} 81. Rb5+ {[%clk 0:02:50]} Kg6
{[%clk 0:19:26]} 82. Kg3 {[%clk 0:03:06]} Rg1+ {[%clk 0:19:52]} 83. Kf2
{[%clk 0:03:28]} Rh1 {[%clk 0:20:06]} 84. Kg2 {[%clk 0:03:44]} Ra1
{[%clk 0:20:31]} 85. Ra5 {[%clk 0:02:03]} Kh5 {[%clk 0:20:52]} 86. Ra6
{[%clk 0:02:16]} g4 {[%clk 0:18:00]} 87. Ra5+ {[%clk 0:02:44]} Kh4
{[%clk 0:18:28]} 88. hxg4 {[%clk 0:03:12]} Kxg4 {[%clk 0:18:48]} 89. Kf2
{[%clk 0:03:40]} Kf4 {[%clk 0:19:17]} 90. Ke2 {[%clk 0:04:08]} Ke4
{[%clk 0:19:35]} 91. Kd2 {[%clk 0:04:37]} Kd4 {[%clk 0:19:56]} 92. Kc2
{[%clk 0:05:03]} Kc4 {[%clk 0:20:22]} 93. Kb2 {[%clk 0:05:29]} Rh1
{[%clk 0:20:47]} 94. Ra4+ {[%clk 0:05:56]} Kb5 {[%clk 0:21:13]} 95. Rb4+
{[%clk 0:06:25]} Ka5 {[%clk 0:21:37]} 96. Rc4 {[%clk 0:06:52]} Kb5
{[%clk 0:22:00]} 97. Rc1 {[%clk 0:07:18]} Rxc1 {[%clk 0:22:24]} 98. Kxc1
{[%clk 0:07:46]} Ka4 {[%clk 0:22:49]} 99. Kd2 {[%clk 0:08:12]} Kb3
{[%clk 0:23:15]} 100. a4 {[%clk 0:08:38]} Kb4 {[%clk 0:23:42]} 101. a5
{[%clk 0:09:05]} Kb5 {[%clk 0:24:08]} 102. a6 {[%clk 0:09:32]} Kb6
{[%clk 0:24:35]} 103. a7 {[%clk 0:10:00]} Kxa7 {[%clk 0:25:01]} 1/2-1/2

[Event "WYCC Open U16"]
[Site "Porto Carras"]
[Date "2015.10.31"]
[Round "6.18"]
[White "Lopez Mulet, Inigo"]
[Black "Lazov, Toni"]
[Result "1-0"]
[BlackElo "2139"]
[WhiteElo "2333"]
[LiveChessVersion "1.4.6"]

1. d4 {[%clk 1:30:57]} Nf6 {[%clk 1:30:52]} 2. c4 {[%clk 1:31:23]} g6
{[%clk 1:31:14]} 3. g3 {[%clk 1:31:38]} Bg7 {[%clk 1:30:34]} 4. Bg2
{[%clk 1:32:01]} d5 {[%clk 1:30:29]} 5. cxd5 {[%clk 1:32:19]} Nxd5
{[%clk 1:30:53]} 6. e4 {[%clk 1:32:44]} Nb6 {[%clk 1:31:16]} 7. Ne2
{[%clk 1:33:07]} c5 {[%clk 1:31:26]} 8. d5 {[%clk 1:33:15]} e6 {[%clk 1:31:29]}
9. O-O {[%clk 1:33:08]} O-O {[%clk 1:31:50]} 10. Nec3 {[%clk 1:33:20]} Na6
{[%clk 1:31:23]} 11. Na3 {[%clk 1:33:38]} exd5 {[%clk 1:21:23]} 12. exd5
{[%clk 1:33:47]} Bf5 {[%clk 1:18:09]} 13. Be3 {[%clk 1:34:02]} Qd7
{[%clk 1:17:15]} 14. Qb3 {[%clk 1:32:32]} Bh3 {[%clk 0:52:27]} 15. Rad1
{[%clk 1:29:35]} Rfe8 {[%clk 0:45:55]} 16. Nc4 {[%clk 1:28:48]} Nxc4
{[%clk 0:40:12]} 17. Qxc4 {[%clk 1:28:24]} Bxg2 {[%clk 0:40:33]} 18. Kxg2
{[%clk 1:28:48]} Rac8 {[%clk 0:34:32]} 19. d6 {[%clk 1:19:54]} Re6
{[%clk 0:31:31]} 20. Qb5 {[%clk 1:04:31]} Rd8 {[%clk 0:23:28]} 21. Bg5
{[%clk 0:51:15]} Bxc3 {[%clk 0:21:10]} 22. Qxd7 {[%clk 0:48:57]} Rxd7
{[%clk 0:21:26]} 23. bxc3 {[%clk 0:49:06]} f6 {[%clk 0:19:50]} 24. Be3
{[%clk 0:43:37]} Rexd6 {[%clk 0:16:03]} 25. Rb1 {[%clk 0:29:52]} Kf7
{[%clk 0:14:09]} 26. a4 {[%clk 0:28:51]} Rd3 {[%clk 0:12:57]} 27. Rfc1
{[%clk 0:28:30]} Ke6 {[%clk 0:11:36]} 28. a5 {[%clk 0:26:09]} Kd5
{[%clk 0:10:33]} 29. Rb5 {[%clk 0:21:05]} Kc6 {[%clk 0:09:53]} 30. c4
{[%clk 0:21:08]} Rd1 {[%clk 0:08:36]} 31. Rc2 {[%clk 0:20:48]} g5
{[%clk 0:07:26]} 32. Rcb2 {[%clk 0:19:47]} Ra1 {[%clk 0:07:01]} 33. h4
{[%clk 0:17:32]} gxh4 {[%clk 0:05:28]} 34. Bf4 {[%clk 0:17:01]} Nb4
{[%clk 0:03:42]} 35. Re2 {[%clk 0:10:14]} b6 {[%clk 0:03:20]} 36. axb6
{[%clk 0:09:48]} axb6 {[%clk 0:02:57]} 37. Re6+ Kb7 38. Rbxb6+ {[%clk 0:08:04]}
Ka7 {[%clk 0:03:50]} 39. Bb8+ {[%clk 0:07:22]} Ka8 {[%clk 0:04:18]} 40. Re8
{[%clk 0:37:44]} Nd3 {[%clk 0:30:43]} 41. Rb3 {[%clk 0:24:05]} Rd1
{[%clk 0:20:49]} 42. Ra3+ {[%clk 0:21:27]} Kb7 {[%clk 0:20:55]} 43. Ra7+
{[%clk 0:21:53]} Kc6 {[%clk 0:20:29]} 44. Re6+ {[%clk 0:22:17]} 1-0

[Event "WYCC Open U16"]
[Site "Porto Carras"]
[Date "2015.11.01"]
[Round "7.1"]
[White "Fawzy, Adham"]
[Black "Shtembuliak, Evgeny"]
[Result "1-0"]
[BlackElo "2416"]
[WhiteElo "2483"]
[LiveChessVersion "1.4.6"]

1. e4 {[%clk 1:30:56]} c5 {[%clk 1:30:53]} 2. Nf3 {[%clk 1:30:38]} Nc6
{[%clk 1:31:08]} 3. d4 {[%clk 1:31:00]} cxd4 {[%clk 1:31:33]} 4. Nxd4
{[%clk 1:30:51]} e5 {[%clk 1:31:17]} 5. Nb5 {[%clk 1:31:12]} d6 {[%clk 1:31:35]}
6. a4 {[%clk 1:31:35]} Be7 {[%clk 1:23:35]} 7. N1c3 {[%clk 1:30:47]} a6
{[%clk 1:23:54]} 8. Na3 {[%clk 1:31:09]} Nf6 {[%clk 1:12:40]} 9. Bc4
{[%clk 1:29:23]} O-O {[%clk 1:12:19]} 10. O-O {[%clk 1:24:58]} Be6
{[%clk 1:07:37]} 11. Bg5 {[%clk 1:23:46]} Nd7 {[%clk 0:52:25]} 12. Bxe7
{[%clk 1:23:10]} Qxe7 {[%clk 0:51:52]} 13. Nd5 {[%clk 1:14:03]} Bxd5
{[%clk 0:43:58]} 14. Bxd5 {[%clk 1:14:19]} Nf6 {[%clk 0:44:01]} 15. Nc4
{[%clk 1:11:53]} Qc7 {[%clk 0:42:09]} 16. Ne3 {[%clk 0:56:35]} Ne7
{[%clk 0:40:48]} 17. c3 {[%clk 0:52:57]} Rac8 {[%clk 0:35:29]} 18. Ra3
{[%clk 0:50:33]} b5 {[%clk 0:24:27]} 19. axb5 {[%clk 0:31:20]} axb5
{[%clk 0:24:56]} 20. Ra6 {[%clk 0:29:57]} Qc5 {[%clk 0:17:43]} 21. Qd2
{[%clk 0:21:57]} Nfxd5 {[%clk 0:16:34]} 22. Nxd5 {[%clk 0:19:38]} Nxd5
{[%clk 0:17:02]} 23. exd5 {[%clk 0:18:25]} Rfd8 {[%clk 0:14:09]} 24. h3
{[%clk 0:15:41]} h6 {[%clk 0:13:26]} 25. Rd1 {[%clk 0:13:59]} Qc4
{[%clk 0:13:00]} 26. Rb6 {[%clk 0:13:55]} Qb3 {[%clk 0:10:29]} 27. Rc6
{[%clk 0:09:28]} Ra8 {[%clk 0:09:15]} 28. Qe2 {[%clk 0:09:34]} b4
{[%clk 0:06:48]} 29. c4 {[%clk 0:09:01]} Ra2 {[%clk 0:06:48]} 30. Rd2
{[%clk 0:08:53]} Ra1+ {[%clk 0:05:53]} 31. Kh2 {[%clk 0:09:21]} Rc1
{[%clk 0:02:42]} 32. Qg4 {[%clk 0:07:03]} Qa4 {[%clk 0:01:14]} 33. Rd3
{[%clk 0:04:16]} Qa7 {[%clk 0:00:45]} 34. Rg3 {[%clk 0:04:44]} g6
{[%clk 0:00:33]} 35. Qh4 {[%clk 0:05:01]} Kg7 {[%clk 0:00:32]} 36. Qxd8
{[%clk 0:04:29]} Qxf2 {[%clk 0:01:00]} 37. Rxg6+ {[%clk 0:04:58]} Kxg6
{[%clk 0:00:59]} 38. Qg8+ {[%clk 0:05:26]} Kf6 {[%clk 0:01:02]} 39. Rxd6+
{[%clk 0:05:56]} 1-0

[Event "WYCC Open U16"]
[Site "Porto Carras"]
[Date "2015.11.01"]
[Round "7.2"]
[White "Moroni, Luca Jr"]
[Black "Lorparizangeneh, Shahin"]
[Result "1/2-1/2"]
[BlackElo "2440"]
[WhiteElo "2460"]
[LiveChessVersion "1.4.6"]

1. d4 {[%clk 1:30:57]} Nf6 {[%clk 1:30:21]} 2. Nf3 {[%clk 1:31:23]} g6
{[%clk 1:30:36]} 3. g3 {[%clk 1:31:48]} d5 {[%clk 1:30:50]} 4. Bg2
{[%clk 1:32:13]} Bg7 {[%clk 1:31:15]} 5. O-O {[%clk 1:32:38]} O-O
{[%clk 1:31:37]} 6. c4 {[%clk 1:33:06]} dxc4 {[%clk 1:31:14]} 7. Na3
{[%clk 1:33:29]} c3 {[%clk 1:31:37]} 8. bxc3 {[%clk 1:33:55]} c5 {[%clk 1:32:02]}
9. Ne5 {[%clk 1:34:21]} Nc6 {[%clk 1:30:58]} 10. Nxc6 {[%clk 1:34:43]} bxc6
{[%clk 1:31:23]} 11. Nc4 {[%clk 1:34:06]} Nd5 {[%clk 1:27:27]} 12. Bd2
{[%clk 1:34:17]} cxd4 {[%clk 1:18:20]} 13. cxd4 {[%clk 1:34:14]} Bxd4
{[%clk 1:17:58]} 14. Rc1 {[%clk 1:33:33]} Bd7 {[%clk 0:46:49]} 15. Bh6
{[%clk 1:05:30]} Bg7 {[%clk 0:46:27]} 16. Bxg7 {[%clk 1:05:33]} Kxg7
{[%clk 0:46:51]} 17. Ne5 {[%clk 1:05:47]} Rc8 {[%clk 0:39:58]} 18. Qa4
{[%clk 0:59:54]} Qc7 {[%clk 0:35:34]} 19. Nxd7 {[%clk 0:36:39]} Qxd7
{[%clk 0:35:53]} 20. Rc5 {[%clk 0:36:15]} Nb6 {[%clk 0:25:52]} 21. Qc2
{[%clk 0:34:01]} Rfd8 {[%clk 0:23:52]} 22. Rc1 {[%clk 0:32:02]} Qd4
{[%clk 0:21:14]} 23. Bxc6 {[%clk 0:29:15]} Qb4 {[%clk 0:08:45]} 24. Rc3
{[%clk 0:23:47]} Rc7 {[%clk 0:06:22]} 25. Bf3 {[%clk 0:20:45]} Qxc3
{[%clk 0:05:59]} 26. Qxc3+ {[%clk 0:21:13]} Rxc3 {[%clk 0:06:23]} 27. Rxc3
{[%clk 0:21:38]} Kf6 {[%clk 0:06:23]} 28. Rc5 {[%clk 0:20:45]} Rd4
{[%clk 0:05:43]} 29. Rc6+ {[%clk 0:19:57]} e6 {[%clk 0:04:39]} 30. Rc2
{[%clk 0:19:38]} Ra4 {[%clk 0:03:11]} 31. e3 {[%clk 0:19:09]} Nd5
{[%clk 0:02:55]} 32. Bxd5 {[%clk 0:18:27]} exd5 {[%clk 0:03:18]} 33. Kg2
{[%clk 0:18:46]} Ke5 {[%clk 0:02:34]} 34. Rc7 {[%clk 0:16:52]} Ke6
{[%clk 0:02:53]} 35. Rc6+ {[%clk 0:17:09]} Ke5 {[%clk 0:02:56]} 36. Rc7
{[%clk 0:17:28]} 1/2-1/2

[Event "WYCC Open U16"]
[Site "Porto Carras"]
[Date "2015.11.01"]
[Round "7.3"]
[White "Kantor, Gergely"]
[Black "Santos Ruiz, Miguel"]
[Result "1-0"]
[BlackElo "2431"]
[WhiteElo "2403"]
[LiveChessVersion "1.4.6"]

1. d4 {[%clk 1:30:58]} Nf6 {[%clk 1:30:53]} 2. c4 {[%clk 1:31:21]} e6
{[%clk 1:31:20]} 3. Nf3 {[%clk 1:30:40]} d5 {[%clk 1:31:48]} 4. g3
{[%clk 1:30:41]} dxc4 {[%clk 1:31:52]} 5. Bg2 {[%clk 1:31:01]} Bd7
{[%clk 1:32:20]} 6. Ne5 {[%clk 1:30:52]} Bc6 {[%clk 1:32:26]} 7. Nxc6
{[%clk 1:30:39]} Nxc6 {[%clk 1:32:53]} 8. O-O {[%clk 1:23:52]} Qd7
{[%clk 1:32:02]} 9. e3 {[%clk 1:23:57]} O-O-O {[%clk 1:32:05]} 10. Qa4
{[%clk 1:22:27]} Nd5 {[%clk 1:32:06]} 11. Qxc4 {[%clk 1:21:01]} h5
{[%clk 1:31:43]} 12. Bd2 {[%clk 1:19:49]} h4 {[%clk 1:29:36]} 13. b4
{[%clk 1:15:17]} hxg3 {[%clk 1:22:08]} 14. hxg3 {[%clk 1:15:07]} Bxb4
{[%clk 1:02:45]} 15. Bxb4 {[%clk 1:10:31]} Ndxb4 {[%clk 1:02:28]} 16. Nc3
{[%clk 1:05:45]} Nd5 {[%clk 0:44:58]} 17. Rfc1 {[%clk 0:53:11]} f5
{[%clk 0:33:32]} 18. Rab1 {[%clk 0:46:57]} Nb6 {[%clk 0:21:52]} 19. Qb3
{[%clk 0:31:42]} Kb8 {[%clk 0:15:01]} 20. Nb5 {[%clk 0:25:36]} g5
{[%clk 0:14:01]} 21. Qa3 {[%clk 0:22:45]} a6 {[%clk 0:13:24]} 22. Nxc7
{[%clk 0:19:22]} Kxc7 {[%clk 0:09:19]} 23. Qa5 {[%clk 0:18:58]} Kb8
{[%clk 0:08:18]} 24. Bxc6 {[%clk 0:17:42]} 1-0

[Event "WYCC Open U16"]
[Site "Porto Carras"]
[Date "2015.11.01"]
[Round "7.4"]
[White "Martirosyan, Haik M."]
[Black "Rambaldi, Francesco"]
[Result "1-0"]
[BlackElo "2547"]
[WhiteElo "2366"]
[LiveChessVersion "1.4.6"]

1. d4 {[%clk 1:30:57]} d6 {[%clk 1:30:47]} 2. c4 {[%clk 1:31:11]} e5
{[%clk 1:31:10]} 3. Nf3 {[%clk 1:31:10]} e4 {[%clk 1:31:29]} 4. Nfd2
{[%clk 1:31:29]} f5 {[%clk 1:31:50]} 5. e3 {[%clk 1:30:54]} Nf6 {[%clk 1:32:02]}
6. Nc3 {[%clk 1:31:13]} c6 {[%clk 1:31:41]} 7. Be2 {[%clk 1:30:33]} Be7
{[%clk 1:32:03]} 8. O-O {[%clk 1:29:10]} O-O {[%clk 1:32:20]} 9. b4
{[%clk 1:26:32]} Be6 {[%clk 1:30:03]} 10. a4 {[%clk 1:24:26]} Nbd7
{[%clk 1:28:56]} 11. Bb2 {[%clk 1:22:46]} Qe8 {[%clk 1:19:17]} 12. Nb3
{[%clk 1:14:46]} Qf7 {[%clk 1:07:13]} 13. Na5 {[%clk 1:06:43]} Rab8
{[%clk 1:07:07]} 14. Ba3 {[%clk 0:40:40]} Nb6 {[%clk 0:55:05]} 15. Rc1
{[%clk 0:35:32]} d5 {[%clk 0:42:39]} 16. c5 {[%clk 0:34:28]} Nc8 {[%clk 0:43:07]}
17. b5 {[%clk 0:32:32]} Bd8 {[%clk 0:43:34]} 18. Bb4 {[%clk 0:31:08]} Ne7
{[%clk 0:42:35]} 19. Nb3 {[%clk 0:30:47]} g5 {[%clk 0:37:37]} 20. f4
{[%clk 0:28:58]} exf3 {[%clk 0:36:55]} 21. Rxf3 {[%clk 0:25:40]} Ng6
{[%clk 0:33:39]} 22. Ba5 {[%clk 0:23:56]} Be7 {[%clk 0:33:21]} 23. Bc7
{[%clk 0:22:03]} Rbc8 {[%clk 0:33:41]} 24. b6 {[%clk 0:21:47]} Ne8
{[%clk 0:27:39]} 25. Bg3 {[%clk 0:21:21]} Bd8 {[%clk 0:25:39]} 26. a5
{[%clk 0:19:12]} a6 {[%clk 0:26:07]} 27. Rf1 {[%clk 0:18:20]} Qd7
{[%clk 0:24:16]} 28. Nd2 {[%clk 0:17:41]} Bf6 {[%clk 0:23:27]} 29. Nf3
{[%clk 0:14:58]} Qg7 {[%clk 0:22:39]} 30. Bd3 {[%clk 0:13:19]} h5
{[%clk 0:21:13]} 31. Qc2 {[%clk 0:11:36]} h4 {[%clk 0:20:37]} 32. Bxf5
{[%clk 0:11:06]} Bxf5 {[%clk 0:18:37]} 33. Qxf5 {[%clk 0:11:34]} Ne7
{[%clk 0:18:01]} 34. Qe6+ {[%clk 0:11:59]} Qf7 {[%clk 0:18:26]} 35. Qxf7+
{[%clk 0:11:52]} Rxf7 {[%clk 0:18:55]} 36. Be5 {[%clk 0:11:38]} Bxe5
{[%clk 0:14:46]} 37. Nxe5 Rf6 38. Ng4 {[%clk 0:07:29]} Rxf1+ {[%clk 0:13:37]} 39.
Rxf1 {[%clk 0:07:57]} Kg7 {[%clk 0:12:03]} 40. e4 {[%clk 0:37:53]} Rd8
{[%clk 0:41:06]} 41. e5 {[%clk 0:32:57]} Kg6 {[%clk 0:40:05]} 42. Ne3
{[%clk 0:33:10]} Rc8 {[%clk 0:35:06]} 43. Ne2 {[%clk 0:31:32]} Rd8
{[%clk 0:34:13]} 44. g3 {[%clk 0:31:27]} hxg3 {[%clk 0:34:19]} 45. Nxg3
{[%clk 0:31:36]} Rb8 {[%clk 0:34:13]} 46. Kg2 {[%clk 0:31:19]} Ng8
{[%clk 0:34:10]} 47. Ngf5 {[%clk 0:31:22]} Ng7 {[%clk 0:34:23]} 48. Nxg7
{[%clk 0:31:31]} Kxg7 {[%clk 0:34:52]} 49. Nf5+ {[%clk 0:31:48]} Kg6
{[%clk 0:35:10]} 50. Nd6 {[%clk 0:32:11]} Nh6 {[%clk 0:35:31]} 51. Kg3
{[%clk 0:32:15]} Kh5 {[%clk 0:35:47]} 52. e6 {[%clk 0:32:04]} 1-0

[Event "WYCC Open U16"]
[Site "Porto Carras"]
[Date "2015.11.01"]
[Round "7.5"]
[White "Wheeler, Cameron"]
[Black "Sarana, Alexey"]
[Result "0-1"]
[BlackElo "2413"]
[WhiteElo "2356"]
[LiveChessVersion "1.4.6"]

1. Nf3 {[%clk 1:30:56]} d5 {[%clk 1:30:36]} 2. c4 {[%clk 1:30:17]} d4
{[%clk 1:29:40]} 3. e3 {[%clk 1:28:48]} Nc6 {[%clk 1:29:51]} 4. b4
{[%clk 1:28:41]} dxe3 {[%clk 1:18:26]} 5. fxe3 {[%clk 1:28:56]} Nxb4
{[%clk 1:18:37]} 6. d4 {[%clk 1:26:50]} e6 {[%clk 1:16:15]} 7. Be2
{[%clk 1:24:19]} Nf6 {[%clk 1:15:15]} 8. O-O {[%clk 1:22:47]} c5 {[%clk 1:13:51]}
9. Nc3 {[%clk 1:20:44]} Be7 {[%clk 1:12:06]} 10. a3 {[%clk 1:14:48]} cxd4
{[%clk 1:11:37]} 11. exd4 {[%clk 1:15:03]} Na6 {[%clk 1:11:57]} 12. Qd3
{[%clk 1:03:34]} O-O {[%clk 1:07:55]} 13. Bd1 {[%clk 1:01:28]} Nc5
{[%clk 0:56:03]} 14. Qe2 {[%clk 0:51:41]} Ncd7 {[%clk 0:56:07]} 15. Bc2
{[%clk 0:39:18]} b6 {[%clk 0:55:34]} 16. Qd3 {[%clk 0:38:39]} Bb7
{[%clk 0:50:04]} 17. Ng5 {[%clk 0:37:16]} g6 {[%clk 0:49:03]} 18. Qh3
{[%clk 0:36:48]} Rc8 {[%clk 0:46:38]} 19. Bb2 {[%clk 0:29:00]} Rxc4
{[%clk 0:37:47]} 20. Bb3 {[%clk 0:21:11]} Rxd4 {[%clk 0:30:28]} 21. Nd5
{[%clk 0:04:42]} Rxd5 {[%clk 0:26:24]} 22. Bxd5 {[%clk 0:05:04]} Bxd5
{[%clk 0:26:50]} 23. Rxf6 {[%clk 0:02:46]} Nxf6 {[%clk 0:26:42]} 24. Qh6
{[%clk 0:02:03]} Bc5+ {[%clk 0:26:58]} 25. Kh1 {[%clk 0:01:55]} Bxg2+ 0-1

[Event "WYCC Open U16"]
[Site "Porto Carras"]
[Date "2015.11.01"]
[Round "7.6"]
[White "Muthaiah, Al"]
[Black "Costachi, Mihnea"]
[Result "1/2-1/2"]
[BlackElo "2407"]
[WhiteElo "2316"]
[LiveChessVersion "1.4.6"]

1. c4 {[%clk 1:30:24]} e5 {[%clk 1:30:48]} 2. Nc3 {[%clk 1:30:36]} Nf6
{[%clk 1:31:13]} 3. g3 {[%clk 1:30:37]} Bb4 {[%clk 1:31:04]} 4. Bg2
{[%clk 1:30:03]} O-O {[%clk 1:31:03]} 5. Nf3 {[%clk 1:23:45]} Nc6
{[%clk 1:25:56]} 6. O-O {[%clk 1:22:05]} e4 {[%clk 1:17:50]} 7. Ng5
{[%clk 1:19:39]} Bxc3 {[%clk 1:17:18]} 8. dxc3 {[%clk 1:19:48]} Re8
{[%clk 1:16:42]} 9. Nh3 {[%clk 1:18:44]} d6 {[%clk 1:15:50]} 10. Bg5
{[%clk 1:13:22]} Bxh3 {[%clk 1:13:55]} 11. Bxh3 {[%clk 1:13:36]} h6
{[%clk 1:14:07]} 12. Bxf6 {[%clk 1:09:04]} Qxf6 {[%clk 1:14:11]} 13. Qb3
{[%clk 1:08:26]} Rab8 {[%clk 1:00:05]} 14. Rad1 {[%clk 1:05:10]} Re5
{[%clk 0:58:01]} 15. Rd5 {[%clk 0:59:07]} h5 {[%clk 0:48:56]} 16. Bg2
{[%clk 0:49:55]} h4 {[%clk 0:40:17]} 17. Rxe5 {[%clk 0:46:14]} Qxe5
{[%clk 0:40:42]} 18. Rd1 {[%clk 0:44:31]} hxg3 {[%clk 0:41:01]} 19. hxg3
{[%clk 0:44:44]} a6 {[%clk 0:36:12]} 20. Rd5 {[%clk 0:37:07]} Qe6
{[%clk 0:36:07]} 21. c5 {[%clk 0:30:00]} e3 {[%clk 0:31:41]} 22. cxd6
{[%clk 0:19:36]} exf2+ {[%clk 0:31:33]} 23. Kxf2 {[%clk 0:19:51]} cxd6
{[%clk 0:30:30]} 24. Rd1 {[%clk 0:14:04]} Qf5+ {[%clk 0:26:20]} 25. Bf3
{[%clk 0:12:37]} Ne5 {[%clk 0:25:57]} 26. Qd5 {[%clk 0:09:46]} Re8
{[%clk 0:26:08]} 27. Qxd6 {[%clk 0:08:08]} Ng4+ {[%clk 0:19:29]} 28. Kg1
{[%clk 0:08:23]} Ne3 {[%clk 0:17:26]} 29. Rc1 {[%clk 0:05:52]} Qh3
{[%clk 0:14:19]} 30. Qf4 {[%clk 0:05:18]} Nf5 {[%clk 0:06:35]} 31. Bg2
{[%clk 0:03:10]} Nxg3 {[%clk 0:06:29]} 32. Re1 {[%clk 0:02:46]} Nh5
{[%clk 0:04:16]} 33. Qxf7+ {[%clk 0:03:07]} Kxf7 {[%clk 0:04:43]} 34. Bxh3
{[%clk 0:03:29]} Rd8 {[%clk 0:04:39]} 35. Bg4 {[%clk 0:03:04]} Nf6
{[%clk 0:04:20]} 36. Bf3 {[%clk 0:03:28]} b6 {[%clk 0:03:34]} 37. e3
{[%clk 0:03:45]} Rd2 {[%clk 0:03:16]} 38. Re2 {[%clk 0:04:04]} Rd1+
{[%clk 0:02:23]} 39. Kf2 {[%clk 0:04:21]} Ke6 {[%clk 0:02:12]} 40. Rc2
{[%clk 0:32:40]} Rd8 {[%clk 0:32:38]} 41. c4 {[%clk 0:30:16]} Rc8
{[%clk 0:20:32]} 42. b4 {[%clk 0:28:54]} Ke5 {[%clk 0:20:01]} 43. Bb7
{[%clk 0:25:35]} Rh8 {[%clk 0:20:23]} 44. Kg3 {[%clk 0:22:48]} Ne4+
{[%clk 0:19:48]} 45. Kg2 {[%clk 0:22:50]} Nd6 {[%clk 0:16:07]} 46. Bxa6
{[%clk 0:20:40]} Ra8 {[%clk 0:16:34]} 47. b5 {[%clk 0:20:47]} Ne4
{[%clk 0:16:59]} 48. Bb7 {[%clk 0:18:10]} Ra3 {[%clk 0:17:15]} 49. Bxe4
{[%clk 0:04:55]} Kxe4 {[%clk 0:17:41]} 50. Kf2 {[%clk 0:05:08]} Kd3
{[%clk 0:17:20]} 51. Rc1 {[%clk 0:05:16]} Rxa2+ {[%clk 0:16:33]} 52. Kf3
{[%clk 0:05:36]} Ra8 {[%clk 0:15:16]} 53. c5 {[%clk 0:04:55]} Rf8+
{[%clk 0:14:55]} 54. Kg4 {[%clk 0:05:14]} bxc5 {[%clk 0:15:24]} 55. Rxc5
{[%clk 0:05:21]} Kxe3 {[%clk 0:15:31]} 56. b6 {[%clk 0:04:57]} Rb8
{[%clk 0:15:09]} 57. Rb5 {[%clk 0:05:04]} Kd4 {[%clk 0:15:22]} 58. Kg5
{[%clk 0:05:20]} Kc4 {[%clk 0:15:36]} 59. Rb1 {[%clk 0:05:43]} Rb7
{[%clk 0:15:53]} 60. Kg6 {[%clk 0:06:03]} Kc5 {[%clk 0:16:15]} 61. Rc1+
{[%clk 0:06:28]} Kxb6 {[%clk 0:16:18]} 62. Rb1+ {[%clk 0:06:52]} Ka7
{[%clk 0:16:40]} 63. Rxb7+ {[%clk 0:07:18]} Kxb7 {[%clk 0:17:05]} 64. Kxg7
{[%clk 0:07:40]} 1/2-1/2